<?xml version="1.0" encoding="UTF-8"?>
<record
    xmlns:xsi="http://www.w3.org/2001/XMLSchema-instance"
    xsi:schemaLocation="http://www.loc.gov/MARC21/slim http://www.loc.gov/standards/marcxml/schema/MARC21slim.xsd"
    xmlns="http://www.loc.gov/MARC21/slim">

  <leader>00878nam a22001937a 4500</leader>
  <controlfield tag="005">20241028155532.0</controlfield>
  <controlfield tag="008">241028b        mx ||||| |||| 00| 0 spa d</controlfield>
  <datafield tag="050" ind1="0" ind2="4">
    <subfield code="a">F1231 </subfield>
    <subfield code="b">P84 1985</subfield>
  </datafield>
  <datafield tag="100" ind1="1" ind2=" ">
    <subfield code="a">Puga, Vasco de</subfield>
    <subfield code="d">1576-</subfield>
  </datafield>
  <datafield tag="245" ind1="1" ind2="0">
    <subfield code="a">Cedulario de la Nueva Espa&#xF1;a</subfield>
    <subfield code="c"> / Vasco de Puga</subfield>
  </datafield>
  <datafield tag="250" ind1=" " ind2=" ">
    <subfield code="a">Facs&#xED;mil</subfield>
  </datafield>
  <datafield tag="260" ind1=" " ind2=" ">
    <subfield code="a">Madrid :</subfield>
    <subfield code="b">Centro de Estudios de Historia de M&#xE9;xico : CONDUMEX,</subfield>
    <subfield code="c">1985</subfield>
  </datafield>
  <datafield tag="300" ind1=" " ind2=" ">
    <subfield code="a">lviii,, 213 p&#xE1;ginas [i.e. 426], [7] p. ;</subfield>
    <subfield code="c">29 cm</subfield>
  </datafield>
  <datafield tag="500" ind1=" " ind2=" ">
    <subfield code="a">Facs&#xED;mile del impreso original, M&#xE9;xico 1563. Edici&#xF3;n conmemorativa del Vig&#xE9;simo Aniversario del Centro de Estudios de Historia de M&#xE9;xico Condumex.</subfield>
  </datafield>
  <datafield tag="650" ind1=" " ind2="7">
    <subfield code="2">lemb</subfield>
    <subfield code="a"> Indios de M&#xE9;xico </subfield>
    <subfield code="x">Estatus legal, derecho, etc. </subfield>
    <subfield code="x">Historia</subfield>
    <subfield code="v">Fuentes</subfield>
  </datafield>
  <datafield tag="651" ind1=" " ind2="7">
    <subfield code="2">lemb</subfield>
    <subfield code="a">Nueva Espa&#xF1;a </subfield>
    <subfield code="x">Colonias</subfield>
    <subfield code="z">Am&#xE9;rica</subfield>
    <subfield code="x">Administraci&#xF3;n</subfield>
    <subfield code="v">Fuentes</subfield>
  </datafield>
  <datafield tag="651" ind1=" " ind2="7">
    <subfield code="2">lemb</subfield>
    <subfield code="a">Nueva Espa&#xF1;a</subfield>
    <subfield code="x">Pol&#xED;tica y gobierno.</subfield>
  </datafield>
  <datafield tag="942" ind1=" " ind2=" ">
    <subfield code="2">lcc</subfield>
    <subfield code="c">LIB</subfield>
  </datafield>
  <datafield tag="999" ind1=" " ind2=" ">
    <subfield code="c">171080</subfield>
    <subfield code="d">171078</subfield>
  </datafield>
  <datafield tag="952" ind1=" " ind2=" ">
    <subfield code="1">0</subfield>
    <subfield code="2">lcc</subfield>
    <subfield code="4">0</subfield>
    <subfield code="7">0</subfield>
    <subfield code="a">INV-033</subfield>
    <subfield code="b">INV-033</subfield>
    <subfield code="c">GENERAL</subfield>
    <subfield code="d">2024-10-28</subfield>
    <subfield code="f">facs&#xED;mil</subfield>
    <subfield code="i">H</subfield>
    <subfield code="k">CSA</subfield>
    <subfield code="l">0</subfield>
    <subfield code="o">F1231 P84 1985</subfield>
    <subfield code="p">IIH000037035</subfield>
    <subfield code="r">2024-10-28 15:56:19</subfield>
    <subfield code="t">1</subfield>
    <subfield code="v">1.00</subfield>
    <subfield code="y">LIB</subfield>
  </datafield>
</record>
